Estética y hermenéutica
Enregistré dans:
| Auteur principal: | |
|---|---|
| Format: | Livre |
| Langue: | espagnol |
| Publié: |
Madrid
Tecnos
1998
|
| Édition: | 2a. ed |
| Collection: | Colección Metrópolis
|
| Sujets: | |
| Tags: |
Ajouter un tag
Pas de tags, Soyez le premier à ajouter un tag!
|
MARC
| LEADER | 00000nam a2200000 a 4500 | ||
|---|---|---|---|
| 001 | UCL6073 | ||
| 003 | CL-VaPUC | ||
| 008 | 040326e19980000SP |||||||||||||||||spa|d | ||
| 020 | |a 8430928197 | ||
| 082 | 0 | 4 | |a 701.17 |b GAD |2 21 |
| 100 | 0 | |a Gadamer, Hans-Georg |e author |9 373562 | |
| 245 | 1 | 0 | |a Estética y hermenéutica |
| 250 | |a 2a. ed | ||
| 300 | |a 316 p | ||
| 942 | |c BK | ||
| 945 | |d 20040326 00:00:00 |a cmena | ||
| 260 | |a Madrid |b Tecnos |c 1998 | ||
| 650 | 0 | |a Filosofía del arte |9 264951 | |
| 650 | 0 | |a Estética |9 264950 | |
| 650 | 0 | |a Filosofía alemana |9 265002 | |
| 583 | |a last modification |c 20040326 00:00:00 |k Rodrigo Vera | ||
| 490 | 0 | |a Colección Metrópolis | |
| 999 | |c 308348 |d 308346 | ||
| 952 | |0 0 |1 0 |4 0 |6 701_170000000000000_GAD_1998 |7 0 |8 A |9 374784 |a BIBARQ |b BIBARQ |d 2019-11-21 |i 3969215 |o 701.17 GAD 1998 |p 3969215 |r 2025-01-20 |w 2019-11-21 |y BK |k ARQ | ||